MCC: The autobiography of a cricketer (Record no. 35229)

MARC details
000 -LEADER
fixed length control field 00298nam a2200109Ia 4500
082 ## - DEWEY DECIMAL CLASSIFICATION NUMBER
Classification number 929 A/Z (COW)
Item number COW
100 ## - MAIN ENTRY--AUTHOR NAME
Personal name Cowdrey, Colin
245 #0 - TITLE STATEMENT
Title MCC: The autobiography of a cricketer
260 ## - PUBLICATION, DISTRIBUTION, ETC. (IMPRINT)
Place of publication London
Name of publisher Hodder and Stoughton
Year of publication 1976
942 ## - ADDED ENTRY ELEMENTS (KOHA)
Koha item type Books
Holdings
Withdrawn status Lost status Damaged status Not for loan Home library Current library Date acquired Cost, normal purchase price Full call number Accession Number Koha item type
        RRII Library RRII Library 16/12/2021 0.85 929 A/Z (COW) COW 15656 Books